[Event "27th Fajr Cup Masters 2019"]
[Site "Tehran"]
[Date "2019.02.07"]
[Round "4.6"]
[White "Malakhatko, Vadim"]
[Black "Gholami Orimi, Mahdi"]
[Result "1/2-1/2"]
[WhiteElo "2525"]
[BlackElo "2375"]
[Annotator "TA"]
[PlyCount "43"]
[EventDate "2019.02.05"]
[EventType "swiss"]
[EventCountry "IRI"]
[SourceTitle "playchess.com"]
[Source "ChessBase"]
[SourceQuality "1"]

{[%evp 17,43,0,5,-10,-8,-3,-6,-18,-9,0,0,-23,-27,-40,-34,-66,-11,-18,-18,-10,2,0,0,0,0,0,2,-24]} 1. Nf3 ({Predecessor:} 1. c4 e6 2. g3 d5 3. Bg2 dxc4 4. Qa4+ Nd7 5. Qxc4 c5 6. Qb3 Ngf6 {½-½ (92) Suba,M (2458)-Chernikov,O (2402) Rijeka 2011}) 1... Nf6 2. c4 e6 3. g3 d5 4. Bg2 dxc4 5. Qa4+ Nbd7 6. Qxc4 c5 7. Qb3 Rb8 8. d3 Bd6 9. Nc3 a6 10. a4 $146 {A13: English Opening: 1...e6} (10. O-O O-O 11. Bg5 b5 12. Ne4 Be7 13. Nxf6+ Bxf6 14. Bxf6 Qxf6 15. Rfc1 Bb7 16. Qc3 Qe7 17. Nd2 Bxg2 18. Kxg2 {½-½ (29) Naiditsch,A (2707)-Efimenko,Z (2703) Rogaska Slatina 2011}) 10... b6 11. Ng5 Bc7 12. O-O ({Predecessor:} 12. f4 O-O {½-½ (92) Suba,M (2458)-Chernikov,O (2402) Rijeka 2011}) 12... O-O 13. f4 h6 14. Nf3 Bb7 15. Kh1 e5 ({Predecessor:} 15... Nd5 16. Rd1 Qe7 17. e4 Nb4 {½-½ (92) Suba,M (2458)-Chernikov,O (2402) Rijeka 2011}) 16. e4 b5 ({Black should try} 16... exf4 $15 17. Bxf4 Re8) 17. axb5 $11 {The position is equal.} axb5 18. Qc2 Bc6 19. Ra6 Bb7 20. Ra1 Bc6 21. Ra6 Bb7 22. Ra1 {Accuracy: White = 57%, Black = 56%.} 1/2-1/2

[Event "27th Fajr Cup Masters 2019"]
[Site "Tehran"]
[Date "2019.02.07"]
[Round "4.7"]
[White "Lorparizangeneh, Shahin"]
[Black "Hakemi, Arman"]
[Result "1-0"]
[WhiteElo "2493"]
[BlackElo "2317"]
[Annotator "TA"]
[PlyCount "59"]
[EventDate "2019.02.05"]
[EventType "swiss"]
[EventCountry "IRI"]
[SourceTitle "playchess.com"]
[Source "ChessBase"]
[SourceQuality "1"]

{[%evp 9,59,15,22,5,27,22,23,24,32,32,32,31,44,40,31,27,35,27,38,32,45,-69,-73,-66,-55,-52,0,0,0,0,0,0,0,0,92,0,0,0,56,55,120,70,378,370,843,843,789,829,818,800,985,958]} 1. e4 c5 2. Nf3 d6 3. d4 cxd4 4. Qxd4 a6 5. Be2 Nc6 ({Predecessor:} 5... Nf6 6. O-O Nc6 7. Qe3 {0-1 (40) Leenhouts,K (2460)-Gormally,D (2481) Hastings 2019}) 6. Qe3 {B53: Sicilian: 2...d6: Lines with Qxd4} Bg4 $146 (6... g6 7. O-O Bg7 8. h3 Nf6 9. Rd1 Nd7 10. c4 O-O 11. Nc3 Nde5 12. Nxe5 Nxe5 {½-½ (146) Harikrishna,P (2730)-Andriasian,Z (2604) chess.com INT 2019}) 7. O-O Nf6 8. Rd1 {White has an edge.} Qc7 9. b3 ({Predecessor:} 9. c4 e6 10. Nc3 Be7 11. b3 O-O 12. Bb2 Rac8 {0-1 (40) Leenhouts,K (2460)-Gormally,D (2481) Hastings 2019}) 9... g6 10. c4 Bg7 {...Nxe4! is the strong threat.} 11. Nc3 O-O 12. Bb2 Rac8 13. h3 Bxf3 $1 14. Bxf3 Qa5 15. Be2 (15. Rd2 $14) 15... Nxe4 $1 $15 {[%mdl 64] [#] Pin} 16. Rd5 Nc5 (16... b5 $5 17. Qxe4 Bxc3 18. Bxc3 Qxc3 $15) 17. Rad1 Rb8 ({Better is} 17... f5 $15) 18. a3 $11 Bxc3 19. Bxc3 Qxa3 20. Rb1 $1 {Threatening Bd1.} (20. Qh6 f6 $17) 20... Qa2 (20... Nxb3 $2 21. Be1 $18 (21. Qh6 e5 $17)) 21. Rb2 Qa3 {[#]} (21... Qa1+ $11 22. Bd1 Rbd8) 22. Rb1 (22. Qh6 e5 $17) ({White should try} 22. Bd1 $1 $16) 22... Qa2 $1 {[%cal Ra2b1]} (22... Nxb3 $2 23. Be1 $18 (23. Qh6 e5 $17)) 23. Rb2 Qa3 (23... Qa1+ $11 24. Bd1 Rbd8) 24. Bd1 $1 $14 ({And not} 24. Qh6 e5 $17) 24... Nb4 (24... Qa1 $1 $14) 25. Rdd2 $40 {[%mdl 128] And now Rb1 would win. White attacks.} b5 $2 {[%mdl 8192]} (25... Rbe8 $14) 26. Qxe7 $18 {White wants to mate with Qf6.} f6 $2 (26... Na4 27. Bxb4 (27. bxa4 Qxc3 28. cxb5 axb5 $11) 27... Qxb4 28. bxa4 Qxc4 29. Qxd6 Qc3 30. axb5 axb5) 27. Qxd6 {White is clearly winning.} Rbc8 28. Bg4 Rc6 29. Bxb4 Qa1+ 30. Rd1 {Accuracy: White = 70%, Black = 45%.} 1-0

[Event "27th Fajr Cup Masters 2019"]
[Site "Tehran"]
[Date "2019.02.07"]
[Round "4.9"]
[White "Mirzoev, Azer"]
[Black "Mashatan, Reza"]
[Result "1-0"]
[WhiteElo "2483"]
[BlackElo "2203"]
[Annotator "TA"]
[PlyCount "89"]
[EventDate "2019.02.05"]
[EventType "swiss"]
[EventCountry "IRI"]
[SourceTitle "playchess.com"]
[Source "ChessBase"]
[SourceQuality "1"]

{[%evp 21,89,17,30,21,33,21,33,31,38,30,31,36,35,15,29,25,69,23,58,52,58,0,81,81,75,71,123,82,79,37,85,39,62,57,94,91,122,106,107,108,158,160,162,144,175,181,205,205,195,205,205,206,418,409,654,643,632,389,390,232,696,392,683,649,1004,996,1217,1187,1812,1796]} 1. d4 e6 2. Nf3 $146 (2. c4 f5 3. g3 Nf6 4. Bg2 c6 {½-½ (38) Li,C (2669)-Nguyen,N (2637) Khanty-Mansiysk 2011}) ({Predecessor:} 2. c4 f5 {1-0 (58) Garcia Blazquez,A-Moskalenko,V (2505) Aviles 1992}) 2... f5 3. c4 Nf6 4. g3 c6 5. Bg2 d5 6. O-O Bd6 7. b3 Qe7 8. a4 Nbd7 (8... a5 9. Ba3 Bxa3 10. Nxa3 {½-½ (38) Li,C (2669)-Nguyen,N (2637) Khanty-Mansiysk 2011}) ({Predecessor:} 8... O-O 9. Ba3 Bxa3 10. Nxa3 a5 11. Nc2 {1-0 (58) Garcia Blazquez,A-Moskalenko,V (2505) Aviles 1992}) 9. Ba3 Bxa3 10. Nxa3 {[%cal Bb1a3,Ba3c2,Bc2e1,Be1d3][%mdl 32]} a5 11. Nc2 O-O 12. Nce1 {A90: Dutch Defence: Miscellaneous and Modern Stonewall (with ...Bd6)} dxc4 (12... b6 13. Nd3 Ba6 14. Rc1 Rac8 15. c5 Bxd3 16. exd3 bxc5 17. Re1 Qd6 18. Qd2 g6 19. Qe3 Rce8 20. dxc5 {½-½ (38) Li,C (2669)-Nguyen,N (2637) Khanty-Mansiysk 2011}) 13. bxc4 e5 14. dxe5 {White is slightly better.} Nxe5 15. Nxe5 Qxe5 16. Nd3 Qe7 17. Rb1 ({Predecessor:} 17. Qc2 Ne4 {1-0 (58) Garcia Blazquez,A-Moskalenko,V (2505) Aviles 1992}) 17... Ne4 {Threatening ...Nc3.} 18. Qc2 Nc5 ({Predecessor:} 18... Be6 19. Rfc1 Rad8 {1-0 (58) Garcia Blazquez,A-Moskalenko,V (2505) Aviles 1992}) 19. Rb2 Nxd3 20. exd3 f4 21. Qc3 (21. Rfb1 $14) 21... Qg5 (21... f3 $1 $11 {keeps the balance.} 22. Re1 Qf7) 22. Re1 $16 f3 23. Bf1 c5 (23... Qf6 $142 24. Qxf6 Rxf6) 24. h4 Qd8 25. Reb1 Ra6 26. Qe5 Rc6 27. Rb5 Rf5 28. Qe4 Rf7 29. Qd5 Qc7 30. d4 {[%cal Rb5c5]} cxd4 31. Qxd4 Rg6 32. Re5 {aiming for Re8+.} Rf8 33. Qd5+ Kh8 34. Qxa5 b6 35. Qd5 h6 36. Qe4 $40 {[%mdl 128] And now Bd3 would win. White goes for the king.} Rg4 $2 {[#]} (36... Qc6 37. Bd3 Qxe4 38. Bxe4 Rd6) 37. Qe3 $1 $18 Rg6 (37... Bd7 $142 38. Rxb6 Rf5 39. Re8+ Bxe8 40. Qxe8+ Kh7) 38. Bd3 Rgf6 39. Re8 Kg8 40. Qe4 (40. Rxf8+ $142 Kxf8 {[#]} 41. c5 $1 {[%mdl 512]} bxc5 42. Bc4) 40... Qd6 $2 (40... Bf5 41. Qd5+ Qf7 42. Rxf8+ Kxf8) 41. Qh7+ Kf7 42. Re3 {White is clearly winning.} Bg4 {[#]} 43. a5 $1 {[%cal Ba4a5,Ba5a6][%mdl 544]} Rb8 (43... bxa5 44. Rb7+) 44. a6 Ra8 45. Qe4 {[%mdl 64] Double Attack. Accuracy: White = 68%, Black = 29%.} 1-0

[Event "27th Fajr Cup Masters 2019"]
[Site "Tehran"]
[Date "2019.02.08"]
[Round "5.1"]
[White "Kuzubov, Yuriy"]
[Black "Lorparizangeneh, Shahin"]
[Result "1/2-1/2"]
[WhiteElo "2650"]
[BlackElo "2493"]
[Annotator "RC"]
[PlyCount "131"]
[EventDate "2019.02.05"]
[EventType "swiss"]
[EventCountry "IRI"]
[SourceTitle "playchess.com"]
[Source "ChessBase"]
[SourceQuality "1"]
[TimeControl "5400+30"]

1. e4 {[%emt 0:00:00]} c6 {[%emt 0:04:15]} 2. d4 {[%emt 0:02:57]} d5 {[%emt 0:00:06]} 3. e5 {[%emt 0:00:03]} c5 {[%emt 0:01:25]} 4. dxc5 {[%emt 0:00:07]} e6 {[%emt 0:00:05]} 5. a3 {[%emt 0:00:28]} Bxc5 {[%emt 0:00:06]} 6. b4 {[%emt 0:00:10]} Be7 {[%emt 0:00:05]} 7. Nf3 {[%emt 0:01:43]} a5 {[%emt 0:02:28]} 8. b5 {[%emt 0:00:19]} Nd7 {[%emt 0:03:31]} 9. Bd3 {[%emt 0:04:37]} Qc7 {[%emt 0:10:14]} 10. Qe2 {[%emt 0:02:01]} Nc5 {[%emt 0:01:20]} 11. O-O {[%emt 0:00:25]} a4 {[%emt 0:02:25]} 12. Be3 {[%emt 0:20:07]} b6 {[%emt 0:13:22]} 13. Nbd2 {[%emt 0:11:13]} Bb7 {[%emt 0:00:53]} 14. Rfc1 {[%emt 0:06:43]} Rd8 {[%emt 0:03:20]} 15. c3 {[%emt 0:04:07]} Nh6 {[%emt 0:12:19]} 16. Bc2 {[%emt 0:04:30]} Nf5 {[%emt 0:01:18]} 17. Bd4 {[%emt 0:09:57]} h5 {[%emt 0:01:24]} 18. Bxf5 {[%emt 0:03:59]} exf5 {[%emt 0:00:05]} 19. Qe3 {[%emt 0:01:53]} Rc8 {[%emt 0:08:12]} 20. Ne1 {[%emt 0:11:40]} Ne6 {[%emt 0:04:00]} 21. Ndf3 {[%emt 0:01:26]} f4 {[%emt 0:03:42]} 22. Qd2 {[%emt 0:00:43]} g5 {[%emt 0:01:40]} 23. Nd3 {[%emt 0:00:33]} h4 {[%emt 0:13:30]} 24. h3 {[%emt 0:01:00]} Bc5 {[%emt 0:01:09]} 25. Nh2 {[%emt 0:02:20]} Qe7 {[%emt 0:03:57]} 26. Qb2 {[%emt 0:00:56]} Kf8 {[%emt 0:02:37]} 27. Ng4 {[%emt 0:02:22]} Kg7 {[%emt 0:00:50]} 28. Nf6 {[%emt 0:00:42]} Qd8 {[%emt 0:01:12]} 29. Qe2 {[%emt 0:06:30]} Bxd4 {[%emt 0:01:28]} 30. cxd4 {[%emt 0:00:04]} Nxd4 {[%emt 0:00:15]} 31. Qg4 {[%emt 0:00:16]} Ne6 {[%emt 0:00:08]} 32. Rxc8 {[%emt 0:00:35]} Bxc8 {[%emt 0:01:23]} 33. Rc1 {[%emt 0:00:36]} Bb7 {[%emt 0:00:51]} 34. Nb4 {[%emt 0:01:01]} Qe7 {[%emt 0:00:36]} 35. Qf5 {[%emt 0:00:35]} Rh6 {[%emt 0:00:49]} 36. Qd3 {[%emt 0:00:40]} Nc5 {[%emt 0:00:59]} 37. Qf5 {[%emt 0:00:17]} Rg6 {[%emt 0:00:43]} 38. Nc6 {[%emt 0:00:25]} Qe6 {[%emt 0:01:35]} 39. Nd4 {[%emt 0:00:06]} Qe7 {[%emt 0:00:34]} 40. Ng4 {[%emt 0:01:09]} Nb3 {[%emt 0:00:25]} 41. Nxb3 {[%emt 0:00:37]} axb3 {[%emt 0:00:01]} 42. Qd3 {[%emt 0:00:26]} b2 {[%emt 0:00:23]} 43. Rb1 {[%emt 0:00:34]} Bc8 {[%emt 0:00:29]} 44. Qd4 {[%emt 0:00:34]} Bxg4 {[%emt 0:01:01]} 45. hxg4 {[%emt 0:00:04]} Re6 {[%emt 0:00:07]} 46. Rxb2 {[%emt 0:00:23]} Qxa3 {[%emt 0:00:14]} 47. Rb1 {[%emt 0:00:56]} Qa2 {[%emt 0:00:49]} 48. Rd1 {[%emt 0:00:32]} Qe2 {[%emt 0:00:11]} 49. Qxd5 {[%emt 0:00:15]} Qxg4 {[%emt 0:00:09]} 50. Rc1 {[%emt 0:00:47]} h3 {[%emt 0:00:58]} 51. Rc6 {[%emt 0:00:27]} Qxg2+ {[%emt 0:01:12]} 52. Qxg2 {[%emt 0:00:03]} hxg2 {[%emt 0:00:04]} 53. Kxg2 {[%emt 0:00:24]} Kg6 {[%emt 0:00:43]} 54. Kh3 {[%emt 0:00:51]} Kf5 {[%emt 0:00:48]} 55. Rc7 {[%emt 0:00:05]} Kg6 {[%emt 0:00:30]} 56. Rb7 {[%emt 0:00:57]} Rxe5 {[%emt 0:00:31]} 57. Rxb6+ {[%emt 0:00:02]} Kf5 {[%emt 0:00:29]} 58. Rb7 {[%emt 0:00:44]} g4+ {[%emt 0:00:20]} 59. Kh4 {[%emt 0:00:35]} f6 {[%emt 0:00:23]} 60. Rh7 {[%emt 0:00:24]} Kg6 {[%emt 0:00:48]} 61. Rc7 {[%emt 0:00:37]} Kf5 {[%emt 0:00:30]} 62. b6 {[%emt 0:00:43]} Rb5 {[%emt 0:00:25]} 63. b7 {[%emt 0:00:06]} Rb1 {[%emt 0:00:24]} 64. Rc5+ {[%emt 0:00:17]} Ke6 {[%emt 0:00:04]} 65. Kxg4 {[%emt 0:00:22]} Rxb7 {[%emt 0:00:06]} 66. Kxf4 {[%emt 0:00:04] Kd5} 1/2-1/2

[Event "27th Fajr Cup Masters 2019"]
[Site "Tehran"]
[Date "2019.02.08"]
[Round "5.2"]
[White "Mirzoev, Azer"]
[Black "Ponkratov, Pavel"]
[Result "0-1"]
[WhiteElo "2483"]
[BlackElo "2630"]
[Annotator "TA"]
[PlyCount "104"]
[EventDate "2019.02.05"]
[EventType "swiss"]
[EventCountry "IRI"]
[SourceTitle "playchess.com"]
[Source "ChessBase"]
[SourceQuality "1"]

{[%evp 20,104,18,0,0,-10,-4,-5,-2,-2,-24,-72,-80,-70,-82,-81,-76,-110,-28,-42,-11,-44,-47,-60,-79,-136,-141,-126,-116,-119,-131,-129,-131,-132,-137,-137,-148,-146,-157,-141,-148,-186,-83,-211,-150,-143,-144,-144,-145,-169,-164,-194,-182,-154,-58,-191,-124,-128,-77,-181,-163,-370,-369,-353,-358,-342,-329,-700,-686,-866,-816,-29992,-960,-873,-507,-797,-686,-785,-540,-948,-930,-814,-526,-1606,-722,-2431,-1347]} 1. Nf3 $146 (1. c4 c5 {½-½ (23) Saric,A (2541)-Stevic,H (2587) Pozega 2018}) ({Predecessor:} 1. c4 c5 {0-1 (29) Friedgood,D (2218)-Mihalik,A (2159) England 2017}) 1... c5 2. c4 Nf6 (2... Nc6 3. d4 cxd4 4. Nxd4 Nf6 5. Nc3 {½-½ (23) Saric,A (2541)-Stevic,H (2587) Pozega 2018}) ({Predecessor:} 2... Nc6 3. d4 cxd4 4. Nxd4 Nf6 5. Nc3 {0-1 (29) Friedgood,D (2218)-Mihalik,A (2159) England 2017}) 3. Nc3 e6 4. d4 cxd4 5. Nxd4 Nc6 6. Ndb5 d5 7. Bf4 e5 8. cxd5 exf4 9. dxc6 bxc6 10. Qxd8+ Kxd8 11. O-O-O+ Ke7 {A33: Symmetrical English: 2 Nf3 Nf6 3 d4 cxd4 4 Nxd4 e6 5 Nc3 Nc6} (11... Bd7 12. Nd6 Bxd6 13. Rxd6 Ng4 14. Nd1 Kc7 15. Rd4 g5 16. g3 fxg3 17. hxg3 h5 18. Bg2 Rae8 19. Bf3 f5 20. Ra4 Kb6 21. Rb4+ Kc7 22. Ra4 Kb6 23. Rb4+ {½-½ (23) Saric,A (2541)-Stevic,H (2587) Pozega 2018}) 12. Nd4 $1 {[%cal Rd4c6]} Bd7 13. e4 fxe3 {The position is equal.} 14. Re1 ({Predecessor:} 14. Ba6 g6 15. Rhe1 Bh6 16. Bb7 Rae8 17. Nxc6+ Kf8 18. fxe3 Bf5 19. b4 {0-1 (29) Friedgood,D (2218)-Mihalik,A (2159) England 2017}) 14... Ng4 15. f3 Nf2 $1 {[%cal Rf2h1]} 16. Rg1 Kf6 17. Nc2 Re8 18. g3 a5 (18... Bf5 $17 19. Rxe3 Bc5 20. Rxe8 Rxe8) 19. Na4 $11 g6 {next ...Bh6 is good for Black.} 20. f4 Ng4 21. h3 Nf2 22. h4 (22. Rxe3 $142 Rxe3 23. Nxe3) 22... Ng4 $36 {[%mdl 2048] Keeping White busy.} 23. a3 Bf5 24. Bh3 Bxc2 $1 25. Kxc2 Nf2 $1 {[%cal Rf2h3]} 26. Bg2 {[#]} Kf5 $1 27. Bf3 {[#]} Re6 $1 28. Re2 Bg7 29. Nc5 Re7 30. Rge1 Rb8 (30... Bd4 $19 {is more deadly.} 31. Nd3 Nxd3 32. Kxd3 c5) 31. Rb1 (31. b4 $17) 31... Bd4 32. Nb3 Bb6 33. Nd2 a4 34. Nc4 Bd4 35. Rbe1 {[%cal Rc4e3]} Kf6 36. Kb1 c5 (36... Re6 $17 37. g4 Ne4) 37. Bc6 (37. Nxe3 $15 Rxe3 38. Rxe3) 37... Kg7 (37... Nd3 $19 38. Rg1 Re6) 38. Kc2 Ne4 (38... Ra7 $142 39. Kb1 Ra6) 39. Rg2 (39. Rxe3 $17 {was the only chance.} Bxe3 40. Rxe3) 39... h5 40. Bxa4 $2 {[#]} (40. f5) 40... Nd6 $1 $19 {[%cal Rd6c4][%mdl 512]} 41. Kd3 (41. Nxd6 Rxb2+) 41... Nxc4 42. Kxc4 Bxb2 43. Bc2 $2 (43. Bc6) 43... Bxa3 44. Rge2 Rb4+ 45. Kxc5 Rxf4+ (45... Rc7+ $142 46. Kd5 Rbc4 47. Rd1 R7c5+ 48. Kd6 Ra5+ 49. Kd7 Ra7+ 50. Kd8 Be7+ 51. Ke8 Rc8+ 52. Rd8 Rxd8#) 46. Kd5 {Black is clearly winning.} Rf3 47. Rg2 (47. Ra1 $142 Bb2 48. Rb1) 47... Bb4 48. Ree2 Bd2 49. g4 hxg4 50. Rxg4 Kh6 51. Kc4 Rf6 (51... Rc7+ $142 52. Kb3 Rf6) 52. Rd4 Rc6+ {Accuracy: White = 37%, Black = 50%.} 0-1

[Event "27th Fajr Cup Masters 2019"]
[Site "Tehran"]
[Date "2019.02.08"]
[Round "5.3"]
[White "Khodashenas, Mersad"]
[Black "Firouzja, Alireza"]
[Result "1-0"]
[WhiteElo "2455"]
[BlackElo "2618"]
[Annotator "TA"]
[PlyCount "145"]
[EventDate "2019.02.05"]
[EventType "swiss"]
[EventCountry "IRI"]
[SourceTitle "playchess.com"]
[Source "ChessBase"]
[SourceQuality "1"]

{[%evp 13,145,20,15,0,9,-5,4,0,0,2,8,-55,-64,-43,-27,-79,-87,-77,-61,-71,-61,-100,-76,-250,-252,-241,-192,-187,-143,-147,-122,-149,-145,-125,-122,-180,-187,-177,-111,-121,-62,-62,-62,-63,-64,-64,-58,-91,-91,-91,-91,-93,-63,-67,-14,-14,-11,-12,0,-47,-47,-47,-18,-18,-13,-30,0,0,0,0,0,0,0,0,70,70,354,362,314,10,501,494,356,235,284,0,0,0,0,0,0,0,558,0,0,0,55,62,62,62,62,62,62,146,160,153,160,160,160,160,168,168,164,0,0,0,4876,4577,4133,1325,4133,3731,2927,2237,1991,2003,1987,1669,1508,1383,1247,1133,29984,29984]} 1. e4 c5 2. Nf3 Nc6 3. Bb5 g6 4. O-O Bg7 5. c3 Nf6 6. Re1 Qb6 {B31: Sicilian: 2...Nc6 3 Bb5 g6} (6... O-O 7. d4 d5 8. e5 Ne4 9. dxc5 Bg4 10. Bf4 f6 11. e6 Nxc5 12. h3 Bxe6 13. Nd4 Nxd4 14. cxd4 Ne4 15. f3 Nd6 16. Rxe6 Nxb5 {0-1 (41) Svidler,P (2753)-Gelfand,B (2703) Jerusalem 2018}) 7. Na3 O-O {LiveBook: 12 Games} 8. Ba4 d6 {The position is equal.} 9. Nc4 Qa6 $146 ({Predecessor:} 9... Qc7 10. Ne3 h6 11. d4 a6 12. h3 Rd8 13. Nd5 Nxd5 14. exd5 {0-1 (44) Urbanec,M-Fiser,J Prague 1965}) 10. Ne3 b5 (10... Nxe4 $6 11. Nd5 $16) 11. Bc2 e5 12. d4 (12. d3 $11) 12... exd4 $15 13. cxd4 cxd4 14. Nd5 (14. Nxd4 $11 Nxd4 15. Qxd4) 14... Nxd5 $17 15. exd5 Nb4 {[%cal Bc6b4,Bb4a6,Ba6c5][%mdl 32]} 16. Bb3 {Strongly threatening Qd2.} Qb6 17. a3 Na6 18. Re4 $2 (18. Bf4 $17 {was necessary.}) 18... Nc5 $19 19. Rh4 Nxb3 20. Qxb3 h5 21. Bg5 Re8 22. Rd1 Bb7 23. h3 {[%cal Rf3d4]} Qc5 24. Nxd4 (24. Rhxd4 $17 Bxd4 25. Rxd4) 24... Bxd5 25. Qg3 Be5 ({Black should try} 25... Be4 $19 26. Be3 Rac8) 26. Qd3 $17 {[#]} Bxg2 $1 {[%mdl 512]} 27. b4 $15 (27. Kxg2 Bxd4) 27... Qd5 28. Nxb5 {[#]} Bh2+ $1 {[%mdl 512]} 29. Kxh2 Qxg5 30. Qg3 Qxb5 31. Qxg2 Qe5+ $1 32. Qg3 Re6 33. Rhd4 Qf6 (33... Rc8 $15) 34. Rf4 $11 Qe7 35. Rd5 Kh7 36. Rfd4 {[%cal Rd5d6]} Rd8 37. b5 Rf6 38. a4 Kg7 39. Kg2 Rc8 {...Rc2 is the strong threat.} 40. Rxd6 Qb7+ 41. Kh2 $1 Rf3 42. Rd7 Qa8 43. Qe5+ Kg8 (43... Kh6 $1 $11 44. R4d5 Rc2) 44. Rf4 $14 Rxf4 $4 {[%mdl 8192]} (44... Rc5 $1 $14 45. Qf6 (45. Qxc5 Rxf4 46. Qxa7 Qe4 $11) 45... Rxh3+ 46. Kxh3 Qh1+ 47. Kg3 Rg5+ 48. Qxg5 Qg1+ 49. Kf3 Qxg5) 45. Qxf4 {[%mdl 4096] Endgame KQR-KQR} Rf8 46. a5 $2 (46. Kg1 $18) 46... Qe8 $2 {[%mdl 8192]} (46... Qb8 $1 $11 {and Black is okay.} 47. Qxb8 Rxb8) 47. Rb7 $1 $18 Qe2 48. a6 (48. Rxa7 Qxb5 49. a6 Qb6 $11) 48... Qd3 49. Rb8 $2 (49. Rxa7 Qxb5 50. Kg2 Qb6 $14) (49. Kg2 $18) 49... Rxb8 $1 $11 50. Qxb8+ {KQ-KQ} Kg7 51. Qe5+ Kh7 52. Qc5 {Black must now prevent b6.} Qf3 $2 {[%mdl 8192]} (52... Qe2 $11) 53. Qxa7 $2 (53. Qe3 $1 $18 {[%cal Re3f3]} Qd5 54. b6 (54. Qxa7 Qe5+ 55. Kh1 Qd5+ 56. Kg1 Qg5+ 57. Kh1 Qc1+ 58. Kh2 Qf4+ 59. Kh1 Qc1+ 60. Kh2 Qf4+ 61. Kh1 Qc1+ $11) 54... axb6 55. a7 (55. Qxb6 Qe5+ 56. Kg2 Qd5+ 57. Kg1 Qg5+ 58. Kf1 Qc1+ 59. Ke2 Qc2+ 60. Ke3 Qc3+ 61. Ke4 Qxh3 $16)) 53... Qf4+ $1 54. Kg2 Qe4+ ({Black should play} 54... Qg5+ $1 $11 55. Kf3 Qd5+ 56. Ke2 Qxb5+ 57. Kf3 Qd5+ 58. Ke3 Qg5+ 59. Ke2 Qb5+ 60. Ke3 Qe5+ 61. Kf3 Qd5+ 62. Ke3 Qe5+ 63. Kf3 Qd5+) 55. f3 $14 Qe2+ 56. Qf2 Qxb5 57. a7 Qg5+ 58. Kh2 ({Better is} 58. Kh1 $14 Qd5 59. h4) 58... Qf4+ 59. Kh1 $1 Qc1+ {[#]} 60. Qg1 $1 {[%cal Rg1c1]} Qa3 61. Kg2 Qa4 62. Qf2 h4 63. f4 $2 (63. Qc5 $18) 63... Qe4+ $11 64. Kg1 ({Don't do} 64. Qf3 $6 Qc2+ 65. Qf2 (65. Kg1 Qc1+ 66. Kg2 Qc2+ 67. Kg1 Qc1+ 68. Kf2 Qd2+ 69. Kf1 Qc1+ 70. Kf2 Qd2+ 71. Kf1 Qc1+ 72. Kg2 Qc2+ $16) 65... Qe4+ 66. Kf1 (66. Qf3 Qc2+ 67. Qf2 Qe4+ $16) 66... Kg7 $16) 64... Qb1+ $2 {[%mdl 8192]} (64... Kg7 $11) 65. Kh2 $18 Qa1 66. Qxh4+ Kg7 67. Qf2 Qa4 68. Kg3 Qa3+ {[#]} 69. Kg2 $1 Qa4 70. Kf3 Qc6+ 71. Kg3 Qc3+ 72. Kg2 Qc6+ 73. Qf3 {Precision: White = 52%, Black = 52%.} 1-0

[Event "27th Fajr Cup Masters 2019"]
[Site "Tehran"]
[Date "2019.02.08"]
[Round "5.4"]
[White "Harutjunyan, Gevorg"]
[Black "Ghaem Maghami, Ehsan"]
[Result "0-1"]
[WhiteElo "2449"]
[BlackElo "2540"]
[Annotator "RC"]
[PlyCount "74"]
[EventDate "2019.02.05"]
[EventType "swiss"]
[EventCountry "IRI"]
[SourceTitle "playchess.com"]
[Source "ChessBase"]
[SourceQuality "1"]
[TimeControl "5400+30"]

1. Nf3 {[%emt 0:00:00]} Nf6 {[%emt 0:04:29]} 2. g3 {[%emt 0:00:00]} b5 {[%emt 0:02:50]} 3. Bg2 {[%emt 0:00:44]} Bb7 {[%emt 0:01:48]} 4. O-O {[%emt 0:01:41]} e6 {[%emt 0:05:02]} 5. d3 {[%emt 0:00:53]} c5 {[%emt 0:01:34]} 6. e4 {[%emt 0:03:47]} d6 {[%emt 0:00:33]} 7. Nh4 {[%emt 0:06:23]} Nc6 {[%emt 0:00:30]} 8. f4 {[%emt 0:00:32]} Be7 {[%emt 0:00:17]} 9. Nd2 {[%emt 0:01:56]} O-O {[%emt 0:03:53]} 10. Kh1 {[%emt 0:03:00]} d5 {[%emt 0:09:11]} 11. e5 {[%emt 0:12:26]} Nd7 {[%emt 0:00:29]} 12. Ndf3 {[%emt 0:00:07]} d4 {[%emt 0:01:12]} 13. Qe2 {[%emt 0:02:51]} Re8 {[%emt 0:09:46]} 14. Bd2 {[%emt 0:03:06]} c4 {[%emt 0:05:06]} 15. Be1 {[%emt 0:06:56]} Rc8 {[%emt 0:05:51]} 16. Nd2 {[%emt 0:08:52]} Qc7 {[%emt 0:15:06]} 17. a3 {[%emt 0:15:11]} Nc5 {[%emt 0:06:18]} 18. Bf2 {[%emt 0:06:07]} Red8 {[%emt 0:05:36]} 19. Nhf3 {[%emt 0:03:20]} c3 {[%emt 0:04:45]} 20. bxc3 {[%emt 0:05:51]} dxc3 {[%emt 0:00:04]} 21. Bxc5 {[%emt 0:05:19]} cxd2 {[%emt 0:03:41]} 22. Be3 {[%emt 0:03:57]} Na5 {[%emt 0:00:51]} 23. Ra2 {[%emt 0:07:04]} Bd5 {[%emt 0:02:57]} 24. Rb2 {[%emt 0:00:02]} a6 {[%emt 0:03:00]} 25. Bxd2 {[%emt 0:01:49]} Bxa3 {[%emt 0:00:46]} 26. Rbb1 {[%emt 0:00:34]} Qxc2 {[%emt 0:00:51]} 27. f5 {[%emt 0:00:28]} Nb3 {[%emt 0:02:15]} 28. Rxb3 {[%emt 0:00:33]} Qxb3 {[%emt 0:00:20]} 29. f6 {[%emt 0:00:27]} Bf8 {[%emt 0:02:19]} 30. fxg7 {[%emt 0:00:05]} Bxg7 {[%emt 0:00:01]} 31. Bg5 {[%emt 0:00:15]} Rc2 {[%emt 0:01:35]} 32. Qe3 {[%emt 0:00:07]} Qa2 {[%emt 0:00:07]} 33. Rg1 {[%emt 0:01:10]} Re2 {[%emt 0:01:37]} 34. Qf4 {[%emt 0:00:33]} Rxg2 {[%emt 0:00:25]} 35. Rxg2 {[%emt 0:00:19]} Qb1+ {[%emt 0:00:05]} 36. Ng1 {[%emt 0:01:00]} Rc8 {[%emt 0:00:35]} 37. Bh6 {[%emt 0:00:30]} Rc2 {[%emt 0:00:19]} 0-1